00291nam a2200109Ia 4500008004100000082001100041082000800052245008200060245001500142260001500157300000900172231017s9999 xx 000 0 und d a625.84 bSON 0aDamage Analysis in Asphalt Concrete Mixtures Based on Parameter Relationships 0cInjun Song bInjun Song c30cm